| 000 | 01138nam a2200325 a 4500 | ||
|---|---|---|---|
| 001 | |||
| 003 | DO-SdBNP | ||
| 005 | 20211104135217.0 | ||
| 008 | 101006s2009 dr a 000 0 spa d | ||
| 020 | _a9789945020823 | ||
| 040 |
_aDO-SdBNP _bspa _cBPMSU |
||
| 082 |
_a199.7293 _bF488d 2009 _222 |
||
| 245 | 0 | 0 |
_aFilosofía dominicana : _bpasado y presente / _ccompiladora Lusitania F. Martínez Jiménez. |
| 260 |
_aSanto Domingo : _bArchivo General de la Nación ; _bAlfa y Omega, _c2009 |
||
| 300 |
_a3 v. : _bil. ; _c23 cm. |
||
| 490 | 0 |
_aArchivo General de la Nación ; _v93-95 |
|
| 500 | _aIncluye datos biográficos de la compiladora en la solapa de la cubierta | ||
| 504 | _aIncluye referencias bibliográficas y notas al pie de las páginas | ||
| 504 | _a | ||
| 590 | _aInventariado, 2021/VM | ||
| 650 | 4 | _aFilosofía dominicana | |
| 650 | 4 | _aConductismo (psicología) | |
| 650 | 4 | _aPositivismo | |
| 650 | 4 | _aExistencialismo | |
| 650 | 4 | _aFilósofos | |
| 700 | 1 | 2 |
_aMartínez Jiménez, Lusitania F., _ecomp. |
| 710 | _aArchivo General de la Nación (República Dominicana) | ||
| 910 | _aVMateo V | ||
| 942 |
_2ddc _cBK |
||
| 999 |
_c13841 _d13841 |
||